000 00647nam a22002051a 4500
001 11547
003 OSt
005 20260204212247.0
008 130115s2006||||ck ||||||b||||||||||spa||
020 _a9586484254
050 _a378.16 T556c
100 _aTobón Tobón, Sergio
245 _aCompetencias en la Educación Superior: Politicas hacia la calidad / Sergio Tabón Tabón
264 _aColombia : Ecoe
300 _a220 P
490 _aColección textos universitarios
500 _aIncluye bibliografia
650 _aCompetencia en educación 2. Calidad en educación Superior 3. Educación Superior - ColombiaÌ
942 _2ddc
_cBK
999 _c11547
_d11547